000 01224cam a2200397Ka 4500
001 48916
005 20230410115756.0
008 000314s1977 sp b 001 0 spa d
035 _a(OCoLC)ocm43626325
040 _aUBP
_bspa
_cUBP
_dOCLCQ
_dDIBAM
_dOCLCQ
_dPL#
020 _a8474320097
020 _a9788474320091
029 1 _aPL#
_b060018721
041 1 _aspa
_hfre
050 1 4 _aHM 131
_bL299g 1977
100 1 _aLapassade, Georges.
245 1 0 _aGrupos, organizaciones e instituciones :
_bla transformación de la burocracia /
_cGeorges Lapassade : traducción Hugo Acevedo.
250 _a1. ed.
260 _aBarcelona :
_bGranica Editor,
_c1977.
300 _a326 p. ;
_c20 cm.
440 0 _aColección Hombre y sociedad;
_vno. 3
500 _aTraducción de: Groupes, organisations institutions.
504 _aIncluye bibliografía (p. 325-326) e índice.
650 4 _aGrupos sociales.
650 4 _aOrganización.
650 4 _aBurocracia.
650 4 _aEducación.
650 0 _aOrganizational sociology.
650 0 _aBureaucracy.
650 0 _aSocial groups.
650 0 _aEducation.
700 1 _aAcevedo, Hugo.,
_etr.
942 _2lcc
_cbk
946 _amfcruz
994 _aC0
_bDRFGD
999 _c47757
_d47757